| 000 | 00777nam a2200289Ia 4500 | ||
|---|---|---|---|
| 001 | 19795 | ||
| 003 | IT-RoPAU | ||
| 008 | 130308s9999 xx 000 0 und d | ||
| 040 | _aIT-RoPAU | ||
| 040 | _cIT-RoPAU | ||
| 041 | _aFRANCESE | ||
| 100 | _aDavid Catherine | ||
| 100 | _gCodice Aut. SPICS: 4553 | ||
| 245 | _aTempete chez les lacaniens | ||
| 245 | _bNouvel Observateur Temoin de L'Histoire (Le) | ||
| 250 | _a1a ed. | ||
| 260 | _aPARIS | ||
| 260 | _bBelfond Pierre | ||
| 260 | _c1981 [1° Ed.:1981 - Ed.Ling.Originale:1981] | ||
| 300 | _a"2 p. (prefazione: no ; testo: 2 [pagine: 453-454])" | ||
| 650 | _aSTORIA NAZIONALE DELLA STAMPA DI MASSA | ||
| 650 | _eCodice materia Spics: 6659 | ||
| 942 | _cBK | ||
| 957 | _71 | ||
| 999 |
_c49952 _d49952 |
||
| 999 | _bSI | ||
| 999 | _g1 | ||